000 00459nam a2200181Ia 4500
008 131103s9999 xx 000 0 und d
020 _a717201201
040 _aLoreto College
041 _aEnglish
082 _aREF
_bLCBED/13973
245 _aEncyclopedia Americana
250 _aInternational ed.
260 _aU.S.A
_bGrolier incorporated
_c1989
300 _aV.11
_b ill.,pic
_c 24cm.
650 _aEncyclopedia
850 _aLCBED/REF
942 _cBK
999 _c33916
_d84395